00474nam a2200133 a 450000100100000000500170001000800410002704000250006811000690009324500580016226000690022030000200028950400310030900003846720201002031252.0130412s1197 000 spa d aDO-SdBNPbspacBNPHU1 aRepública Dominicana.bContraloría General de la República10aNormas internas de auditoría gubernamental (NIAGU). aSanto Domingo :bContraloría General de la República,c1197. a56 p. ;c21 cm. aBibliografía : p. 55 -56